| 000 | 01049cam a22003137a 4500 | ||
|---|---|---|---|
| 003 | CHAP | ||
| 005 | 20220817043206.0 | ||
| 008 | 971013s1987 r 00010 d | ||
| 010 | _a68051 | ||
| 011 | _a69023 | ||
| 035 | _a78497 | ||
| 040 | _cCHAP | ||
| 090 | _aFolleto 11097 | ||
| 100 | 0 | 0 |
_aHolt Buttner, Elizabeth. _956010 |
| 245 | 1 | 3 |
_aEl censo en imágenes _b: ensayo sobre la situación actual del panorama educativo en la República Mexicana, 1980 |
| 260 |
_aMéxico, D. F. : _bUNAM. Instituto de Geografía, _c1987 |
||
| 300 |
_a52 p. _b; mapas gráfs. |
||
| 490 | 0 |
_aSerie varía T, 1 _v; 10 |
|
| 590 |
_aBATCH-UPD _b10 _c20130110 _lUCH01 _h0657 |
||
| 590 |
_aBATCH-UPD _b10 _c20130410 _lUCH01 _h0342 |
||
| 590 |
_aBATCH-UPD _b10 _c20130914 _lUCH01 _h1237 |
||
| 590 |
_aCONVERSION _b10 _c20130109 _lUCH01 _h1337 |
||
| 650 | 1 | 4 |
_aEducación. _935409 |
| 650 | 1 | 4 |
_aEducación _xEstadísticas _zMéxico. _935442 |
| 830 | 0 |
_aSerie varía T, 1 _v; 10 |
|
| 901 | _aBK | ||
| 942 | _cFOLL | ||
| 949 |
_aFolleto 11097 _bBC _cFOLL _d-31371 _eTS1 _i78497 _si |
||
| 999 |
_c68051 _d68051 |
||